Rośliny według zdjęcia - Statystyki

Ogólne statystyki
  • Ten quiz został rozwiązany 91 razy
  • Średni wynik to 10 z 18
Statystyki odpowiedzi
Obrazkowy Odpowiedź % Poprawnych
Klon
97%
Bambus
92%
Koniczyna
91%
Bawełna
89%
Bazylia
87%
Baobab
84%
Lilia wodna
78%
Lawenda
75%
Żołądź
68%
Chmiel
57%
Muchołówka amerykańska
43%
Dzbanecznik
41%
Pałka wodna
38%
Wodorosty morskie
33%
Topola osikowa
13%
Jukka krótkolistna
4%
Drzewo {banianowe}
0%
Koronka królowej Anny
0%
Nie znaleziono quizów pasujących do podanych kryteriów
Rozkład punktacji
Procent ludzi z każdym wynikiem
Percentyl według liczby udzielonych odpowiedzi
Twoja historia wyników
Nie rozwiązałeś tego quizu